| 000 | 00422nam a22001817a 4500 | ||
|---|---|---|---|
| 003 | MPLRDC | ||
| 005 | 20220104143628.0 | ||
| 008 | 210129b ||||| |||| 00| 0 eng d | ||
| 020 | _a983-99220-0-9 | ||
| 082 | _a312.9165 LZG 1997 | ||
| 100 | _a赖昭光 编著 | ||
| 245 |
_a无网不利 _c |
||
| 250 | _a初版 | ||
| 260 |
_a _b方正资讯网 _c1997 |
||
| 300 | _b平 | ||
| 650 | _a | ||
| 942 |
_cBK _o312.9165 LZG 1997 |
||
| 999 |
_c41783 _d41773 |
||